| 000 | 01001nam a2200289 a 4500 | ||
|---|---|---|---|
| 001 | 53458 | ||
| 003 | BD-RjUL | ||
| 005 | 20211209075950.0 | ||
| 008 | 161015s1996 pau b 001 0 eng | ||
| 020 | _a0898713692 (pbk.) | ||
| 035 | _a(BD-RjUL)53578 | ||
| 040 |
_aDLC _cDLC _dBD-RjUL _beng |
||
| 041 | _aeng | ||
| 082 | 0 | 0 |
_a620.00452 _223 _bBAM 1996 |
| 100 | 1 |
_aBarlow, Richard E. _9159802 |
|
| 245 | 1 | 0 |
_aMathematical theory of reliability / _cRichard E. Barlow, Frank Proschan, with contributions by Larry C. Hunter. |
| 260 |
_aPhiladelphia : _bSIAM, _cc1996. |
||
| 300 |
_axvii, 258 p. : _bill. ; _c24 cm. |
||
| 504 | _aIncludes bibliographical references and Indexes. | ||
| 650 | 0 |
_aReliability (Engineering) _xMathematical models. _9159803 |
|
| 650 | 0 |
_aMathematical statistics. _9159804 |
|
| 650 | 0 |
_aProbabilities. _9159805 |
|
| 700 | 1 |
_aProschan, Frank, _d1921- _9159806 |
|
| 700 | 1 |
_aHunter, Larry C. _9159807 |
|
| 942 |
_2ddc _cBK |
||
| 999 |
_c53458 _d53458 |
||